[Event "Champions Showdown Kings Rapid 2019-A"]
[Site "Saint Louis"]
[Date "2019.02.19"]
[Round "10.1"]
[White "Caruana, Fabiano"]
[Black "Harikrishna, Pentala"]
[Result "1-0"]
[WhiteElo "2828"]
[BlackElo "2726"]
[Annotator "TA"]
[PlyCount "157"]
[EventDate "2019.02.09"]
[EventType "match (rapid)"]
[EventCountry "USA"]
[SourceTitle "playchess.com"]
[Source "ChessBase"]
[SourceQuality "1"]

{[%evp 9,157,17,19,24,18,8,18,6,13,3,7,1,8,7,7,4,24,23,26,26,26,24,26,26,30,26,30,10,72,10,31,11,36,18,35,13,49,66,74,41,91,97,138,108,110,110,102,84,118,15,27,28,28,28,28,21,25,0,40,81,94,100,133,133,133,133,133,133,133,133,133,133,133,133,133,133,133,133,223,195,220,208,202,133,133,133,133,133,133,130,236,229,4125,226,504,591,4182,4182,4189,4189,29995,293,1396,1016,584,504,300,293,279,238,238,239,4189,4182,4182,4182,4182,4182,4182,4182,4182,4182,4182,4182,4175,4175,4175,4160,4160,4160,4160,4160,4160,4153,4168,4168,4160,4160,4160,4153,4153,4153,4153,4153,4152,4145,4145,4145,4145,4145]} 1. e4 e5 2. Nf3 Nc6 3. Bb5 Nf6 4. d3 Bc5 5. Bxc6 dxc6 6. Nbd2 {C65: Ruy Lopez: Berlin Defence (3...Nf6), unusual lines and 4 0-0 Bc5} Be6 7. Qe2 Nd7 8. Nb3 {The position is equal.} Be7 (8... Bb6 9. Ng5 Bxb3 10. axb3 f6 11. Nf3 Nc5 12. Nd2 Qd7 13. Nc4 Ne6 {½-½ (43) Navara,D (2738)-So,W (2765) Caleta 2019}) 9. Na5 $146 ({Predecessor:} 9. Bd2 c5 10. Na5 Rb8 11. Nc4 Bf6 12. Ne3 c6 13. h3 Qc7 {1-0 (24) Lindholm,J (2035)-Patosalmi,J (1919) Helsinki 2018}) 9... Bb4+ 10. Bd2 Bxa5 11. Bxa5 c5 12. O-O O-O 13. Bc3 $36 {[%mdl 2048] White is pushing.} f6 14. Nh4 Nb8 15. Qe3 b6 16. f4 exf4 17. Rxf4 Nc6 18. Raf1 Nd4 (18... Qd6 $11) 19. R4f2 ({White should play} 19. e5 $1 $16 {[%cal Re5f6] Threatens to win with exf6.} f5 20. Bxd4 cxd4 21. Rxd4) 19... Qd7 20. b3 a5 21. a4 Rad8 22. h3 Nxc2 23. Rxc2 Qxd3 24. Qf2 Qxe4 25. Re2 Qc6 26. Qg3 {Black must now prevent Rxf6.} Qd6 27. Rf4 Rf7 28. Kh2 g5 29. Rd2 (29. Rf3 $1 $16) 29... Qxf4 $11 30. Qxf4 ({Much less strong is} 30. Rxd8+ Kg7 $16) 30... gxf4 31. Rxd8+ Rf8 $1 {[%cal Rf8d8]} 32. Bxf6 {Hoping for Be7.} Bxb3 33. Nf5 {[%cal Rf5h6]} Rxd8 (33... Kf7 {is interesting.} 34. Rxf8+ Kxf8 35. Be5 Bc2 36. Ng7 Bd1) 34. Bxd8 Bc2 {[#]} 35. g4 $1 fxg3+ 36. Nxg3 Bxa4 37. Bxc7 b5 38. Bxa5 Bc2 39. Bb6 c4 40. Ba5 Kf7 41. Ne2 Bf5 42. Kg3 Bd7 43. h4 Kg6 (43... Ke6 $16 44. Kf4 Kd5) 44. Nd4 $18 Kh5 {[#]} 45. Nf3 $1 Be6 46. Ne5 Bc8 47. Be1 Be6 48. Nc6 Bd7 49. Nb4 Bf5 (49... Be6 $16 50. Na6 Bd7) 50. Nd5 Bc8 $2 (50... Kg6 51. Kf4 Bc2) 51. Nf4+ (51. Bc3 $142 Kh6 52. Nf4) 51... Kh6 52. Bc3 Bb7 53. Kf2 Bc8 54. Ke3 Bd7 55. Kd2 $2 (55. Ke4 {mates} Bc8 56. Bh8 Bd7 57. Ke5 Be8 58. Kf6 Bh5 59. Bg7#) 55... Bf5 $2 (55... Bc6 56. Ke3 b4) 56. Kc1 b4 57. Bxb4 {[%cal Rb4f8]} Kg7 58. Kd2 Kf6 59. Bc3+ Kf7 60. Be5 c3+ $2 (60... Bb1 61. Kc3 Ba2) 61. Kxc3 {White is clearly winning.} Ke7 62. Kd4 Kf7 63. Bc7 Kf6 64. Bd8+ Kf7 65. Ke5 Bc2 66. Ne2 Bd3 67. Nd4 Bc4 68. Nf5 Bb3 69. Kf4 Kg6 70. Ne7+ Kf7 71. Nc6 Bd5 72. Ne5+ Ke6 73. Ba5 Kf6 74. Bc3 Bb3 75. h5 Bd1 76. Ng4+ {[%mdl 64] Discovered Attack (Double check)} Kf7 77. Kg5 Be2 78. Nf6 Kg7 79. h6+ {Accuracy: White = 69%, Black = 42%.} 1-0

[Event "Champions Showdown Kings Rapid 2019-A"]
[Site "Saint Louis"]
[Date "2019.02.19"]
[Round "11.1"]
[White "Harikrishna, Pentala"]
[Black "Caruana, Fabiano"]
[Result "1/2-1/2"]
[WhiteElo "2726"]
[BlackElo "2828"]
[Annotator "TA"]
[PlyCount "63"]
[EventDate "2019.02.09"]
[EventType "match (rapid)"]
[EventCountry "USA"]
[SourceTitle "playchess.com"]
[Source "ChessBase"]
[SourceQuality "1"]

{[%evp 13,63,9,5,0,3,0,7,0,10,12,25,17,9,14,14,0,5,0,4,0,0,0,0,-9,-9,-17,-9,-16,-15,-13,0,-2,-5,-7,-6,-10,0,0,0,0,0,0,0,0,0,0,0,0,0,0,0,0]} 1. Nf3 d5 2. e3 Nf6 3. c4 e6 4. b3 Be7 5. Bb2 O-O 6. Nc3 c5 7. cxd5 Nxd5 8. Nxd5 {A13: English Opening: 1...e6} (8. Be2 b6 9. Nxd5 exd5 10. d4 a5 11. dxc5 bxc5 12. O-O Be6 13. Bb5 Qb6 14. Qe2 Nc6 15. Rac1 Rac8 {0-1 (47) Nakamura,H (2746)-Caruana,F (2832) London 2018}) 8... exd5 9. Be2 Nc6 10. d4 b6 11. O-O a5 $146 ({Predecessor:} 11... Bf6 12. Qb1 Bg4 13. dxc5 bxc5 14. h3 Be6 15. Bxf6 Qxf6 {½-½ (15) Sokalsky,A (2238)-Gromovs,S (2243) Calvia 2014}) 12. Rc1 Qd6 {The position is equal.} 13. Qd2 Rd8 14. Rfd1 Qg6 15. dxc5 bxc5 16. Ne5 Nxe5 17. Bxe5 Bf5 18. Bf3 a4 19. Qc3 ({Wrong is} 19. Bxd5 $2 {[#]} Rxd5 $1 {[%mdl 512]} 20. Qb2 (20. Qxd5 $2 {loses.} Be4 $19) 20... axb3 $1 $19 {[%mdl 512]}) (19. bxa4 {is more complex.} Rxa4 20. Bxd5 Bg4 21. Bc7 Rd7 22. Bg3) 19... axb3 20. axb3 Be4 21. Bxe4 dxe4 22. Rxd8+ Rxd8 23. Qc4 Qf5 24. Bc3 h6 25. b4 cxb4 26. Bxb4 Bxb4 27. Qxb4 Rc8 (27... Rd3 {looks sharper.} 28. h3 Kh7 29. Qc5 Rd5 30. Qc2 Rd3) 28. Rxc8+ Qxc8 $11 {KQ-KQ} 29. h3 Qc1+ 30. Kh2 Qc7+ 31. Kg1 Qc1+ 32. Kh2 {Accuracy: White = 54%, Black = 56%.} 1/2-1/2

[Event "Champions Showdown Kings Rapid 2019-A"]
[Site "Saint Louis"]
[Date "2019.02.19"]
[Round "12.1"]
[White "Caruana, Fabiano"]
[Black "Harikrishna, Pentala"]
[Result "1/2-1/2"]
[WhiteElo "2828"]
[BlackElo "2726"]
[Annotator "TA"]
[PlyCount "185"]
[EventDate "2019.02.09"]
[EventType "match (rapid)"]
[EventCountry "USA"]
[SourceTitle "playchess.com"]
[Source "ChessBase"]
[SourceQuality "1"]

{[%evp 11,185,9,7,0,23,21,17,17,9,8,29,-29,-4,-3,77,83,78,56,68,68,78,77,78,83,161,144,165,170,166,162,157,107,108,85,94,88,131,95,131,50,93,0,0,0,0,17,57,0,0,0,0,0,-8,-3,-3,-3,-2,-4,-6,0,8,8,8,8,0,-72,-64,-60,-60,-79,-66,-77,-68,-65,-22,-46,-37,-91,-91,-91,-91,-91,-91,-91,-91,-91,-91,-91,-91,-91,-91,-95,-87,-87,-87,-87,-87,-87,-87,-87,-87,-87,-87,-87,-87,-87,-87,-87,-87,-87,-87,-87,-87,-87,-87,-87,-87,-87,-87,-87,-87,-87,-87,-87,-87,-91,-91,-91,-91,-91,-83,-83,-16,-18,-18,-18,-15,-15,-8,-8,-8,-8,0,0,0,0,0,0,0,0,0,0,0,0,0,0,0,0,0,0,0,0,0,0,0,0,0,0,0,0,0,0,0,0,0,0]} 1. c4 Nf6 2. Nc3 e5 3. Nf3 Nc6 4. e3 Bb4 5. Qc2 Bxc3 6. Qxc3 Qe7 7. b3 {A28: English Opening: Four Knights Variation} (7. d4 Ne4 8. Qd3 exd4 9. Nxd4 Qb4+ 10. Bd2 Nxd2 11. Qxd2 Qe7 12. Nxc6 bxc6 13. Qc3 O-O 14. c5 a5 {1-0 (36) Duda,J (2738)-Svidler,P (2737) St Petersburg 2018}) 7... d5 8. d4 {[%cal Rf3e5]} Bf5 9. dxe5 Ne4 10. Qb2 $1 O-O-O 11. a3 (11. Nd4 $142 dxc4 12. bxc4) 11... Nc5 $11 {Threatening ...dxc4.} 12. b4 Na4 $146 (12... Nd3+ $11 13. Bxd3 Bxd3) ({Predecessor:} 12... Nd3+ 13. Bxd3 Bxd3 14. b5 Nb8 {½-½ (56) Agdestein,S (2581)-Hammer,J (2631) Helsingor 2018}) 13. Qb3 $16 Nb6 14. c5 Nc4 15. Bb2 N4xe5 16. Nxe5 Nxe5 17. Be2 Nc6 (17... Rhe8 $16) 18. O-O $18 (18. Bxg7 Rhg8 $11) 18... h5 19. b5 (19. Bxg7 $6 Rhg8 $11) 19... Na5 20. Qa4 b6 21. Bc3 ({Don't do} 21. Bxg7 $6 Rhg8 $16) 21... Qe4 22. Qb4 (22. Bd4 {with more complications.} f6 23. Rac1 Kb8 24. Rfd1 Qe8 25. Ba1) 22... Bg4 23. Bd1 Bxd1 24. Rfxd1 Nc4 25. a4 (25. Qa4 $16) 25... Rh6 26. a5 (26. cxb6 $16 {Strongly threatening Rd4.} axb6 27. Qb1) 26... bxa5 27. Rxa5 Nxa5 28. Qxa5 Kd7 $1 29. Qxa7 (29. c6+ $14 Ke8 30. Ra1 (30. Qxa7 h4 $11) (30. Qxc7 Qc2 $17)) 29... h4 $11 30. c6+ Ke8 31. Qxc7 {aiming for Ba5.} Qc2 $1 {[%cal Rc2d1]} 32. Qe5+ {[%mdl 64] [#] Double Attack} Re6 33. Qd4 Re4 $40 {[%mdl 128] Black is up to no good.} 34. Qd3 Qxd3 35. Rxd3 {[%mdl 4096] Endgame KRR-KRB} Rc4 {Hoping for ...Ra8.} 36. h3 Rb8 37. Bxg7 Rxb5 38. Rc3 (38. Bf6 $11 {keeps the balance.}) 38... Rbc5 39. Rd3 Ke7 40. Be5 Ke6 41. Bf4 Rxc6 42. g4 f6 (42... hxg3 {is interesting.} 43. Bxg3 Rc8 44. h4 f6 45. Kg2 d4) 43. Kg2 Rc3 (43... Ra4 {keeps more tension.} 44. Rb3 Ra2 45. g5 Rcc2 46. Rb6+ Kd7) 44. Rxc3 ({Better is} 44. Rd4 $15) 44... Rxc3 $15 {KR-KB} 45. Bh6 Kf7 46. Bf4 Rc6 47. Kf3 Kg6 48. Kg2 f5 49. Kf3 Rc4 50. gxf5+ Kxf5 51. Bb8 Rc1 52. Ba7 Ra1 53. Bd4 Rg1 54. Bh8 Rg8 55. Bd4 Rc8 56. Bg7 Rc1 57. Bd4 Rh1 58. Kg2 Rb1 59. Kf3 Rb7 60. Bc3 Rf7 61. Bd4 Kg5+ 62. Kg2 Kg6 63. Bc3 Rf5 64. Bd4 Rf8 65. Bc3 Kf5 66. Kf3 Ke6+ 67. Kg2 Rf7 68. Bd4 Kd6 69. Bb6 Rf8 70. Bd4 Kc6 71. Kf1 Kb5 (71... Kd7 $17) 72. Ke2 {The position is equal.} Kc4 73. Bg7 Rf7 74. Bh6 Rf5 {...d4 is the strong threat.} 75. f4 Rf6 76. Bg5 Re6 {[#] And now ...d4 would win.} 77. Kf3 Re4 78. Bxh4 Kc5 79. Bf6 Kd6 80. h4 Ke6 81. Be5 Kf5 82. h5 Ra4 83. h6 {Threatens to win with h7.} Kg6 84. Bg7 $1 Re4 85. f5+ Kh7 86. Kf2 Rg4 87. Kf3 Re4 88. Kf2 Rg4 89. Ke2 Rg5 90. f6 Kg6 91. Kd3 Rg4 92. Bh8 Rh4 93. Bg7 {Accuracy: White = 70%, Black = 66%.} 1/2-1/2